00659nam a22002177a 4500003000900000005001700009007000300026008004100029020001800070040002500088082002300113100002700136245004800163260004800211300002600259490002200285500007200307521001200379650002400391650002600415DO-SdBNP20240305122231.0ta110301s2022 dr c j 000 0 spa d a9789945180459 aDO-SdBNPbspacBNPHU 4aRD863.5bP438a2221 aPérez Acosta, Yairys13aEl amor de familia /cYairys Pérez Acosta aSanto Domingo :bTiempo de nosotros,c2022. a81 p. :bret.c23 cm.1 aCuento Infantil ; aIncluye datos biográficos del autor en la solapa de la portada.  aJuvenil 4aCuentos dominicanos 4aLiteratura dominicana